| 000 | 00608nam a22001457a 4500 | ||
|---|---|---|---|
| 020 | _a978-0-00-712071-0 | ||
| 082 |
_a823 _bCHR/S |
||
| 100 | _aCHRISTIE, AGATHA | ||
| 245 | _aSAD CYPRESS | ||
| 260 |
_aLONDON _bHARPER COLLINS _c2001 |
||
| 300 | _a336 | ||
| 520 | _aAn elderly stroke victim dies without having arranged a will. Beautiful young Elinor Carlisle stood serenely in the dock, accused of the murder of Mary Gerrard, her rival in love. The evidence was damning: only Elinor had the motive, the opportunity and the means to administer the fatal poison | ||
| 650 |
_aNOVEL _zUNITED KINGDOM |
||
| 942 | _cBK | ||
| 999 |
_c2974 _d2974 |
||